| 000 | 01190 a2200181 4500 | ||
|---|---|---|---|
| 003 | NUST | ||
| 005 | 20221025154627.0 | ||
| 020 | _a9780070144576 | ||
| 040 | _cNust | ||
| 082 | _a006.3,TAL | ||
| 100 |
_aTalukder,K Asoke, Ph.D. _9101377 |
||
| 245 |
_aMobile computing : _btechnology,applications and service creation / _cAsoke K Talukder, Hasan Ahmed and Roopa R Yavagal |
||
| 250 | _a2nd | ||
| 260 |
_aNew Delhi _b Tata McGraw Hill _c2010 |
||
| 300 | _axliii; 627 p.: | ||
| 505 | _aIntroduction (Page-1), Mobile computing architecture (Page-28), Mobile computing through telephony (Page-58), Emerging technologies (Page-84), Global system for mobile communications (Page-116), Short message service (SMS) (Page-145), General packet radio service (GPRS) (Page-174), Wireless application protocol (WAP) (Page-194), CDMA and 3G (Page-218), Wireless LAN (Page-251), Intelligent networks and inter working (Page-287), Client programming (Page-312), J2ME (Page-388), Wireless devices with windows CE (Page-463), Multimedia (Page-504), IP multimedia subsystems (Page-537), Security issues in mobile computing (Page-565), Next generation networks (Page-600). | ||
| 942 |
_2ddc _cBK _k006.3,TAL |
||
| 999 |
_c218192 _d218192 |
||